Français Vainqueurs d'étape sur le TdF depuis 2010 - Statistiques

Statistiques générales
  • Ce quiz a été pris 143 fois
  • Le résultat moyen est 24 sur 38
Statistiques - réponses
Tour Réponse % Correct
13/17 Alaphilippe
97%
16/17 Alaphilippe
97%
03/19 Alaphilippe
97%
13/19 Alaphilippe
97%
02/20 Alaphilippe
97%
01/21 Alaphilippe
97%
08/12 Pinot
94%
20/15 Pinot
94%
14/19 Pinot
94%
18/15 Bardet
93%
19/16 Bardet
93%
12/17 Bardet
93%
01/24 Bardet
93%
15/10 Voeckler
72%
10/12 Voeckler
72%
16/12 Voeckler
72%
04/17 Demare
68%
18/17 Démare
68%
13/17 Barguil
66%
18/17 Barguil
66%
19/11 Rolland
63%
11/12 Rolland
63%
02/24 Vauquelin
62%
19/22 Laporte
60%
02/23 Lafay
54%
09/24 Turgis
52%
08/17 Calmejane
46%
02/10 Chavanel
38%
07/10 Chavanel
38%
08/20 Peters
38%
08/15 Vuillermoz
30%
11/14 Gallopin
28%
14/10 Riblon
27%
18/13 Riblon
27%
16/10 Fédrigo
18%
15/12 Fédrigo
18%
08/14 Kadri
14%
09/10 Cesar
2%
Aucun quiz correspondant
Distribution des résultats
% des personnes avec chaque résultat
Percentile par nombre de réponses
Votre historique - résultats
Vous n’avez pas pris ce quiz